000 00489nam a2200193Ia 4500
003 GCL
008 140319s9999 xx 000 0 eng d
020 _a1654968049
040 _aGCL /
_cGCL
082 0 4 _a749.3
_bK M
100 1 _aKATZ, JEFFERY
245 1 0 _aMIRRORS /
_cKATZ, JEFFERY
700 1 _aKATZ, CHERYL
260 _aنيويورك :
_bROCKPORT PUBLISHERS INC. ،
_c2001
300 _a22 CM ؛
_c108 P
650 0 4 _aMIRROR
650 0 4 _aMIRROR DECORATION
942 _2ddc
_cBK
999 _c6615
_d6615